SRB'S SURGICAL OPERATIONS TEXT & ATLAS VOL. 1/ (Record no. 1151178)

MARC details
000 -LEADER
fixed length control field 00390nam a2200157Ia 4500
008 - FIXED-LENGTH DATA ELEMENTS--GENERAL INFORMATION
fixed length control field 240322s2024 xx 000 0 und d
020 ## - INTERNATIONAL STANDARD BOOK NUMBER
International Standard Book Number 9789352702114
041 ## - LANGUAGE CODE
Language code of text/sound track or separate title eng
082 ## - DEWEY DECIMAL CLASSIFICATION NUMBER
Classification number 617,BHA
100 ## - MAIN ENTRY--PERSONAL NAME
Personal name BHAT S.
245 ## - TITLE STATEMENT
Title SRB'S SURGICAL OPERATIONS TEXT & ATLAS VOL. 1/
250 ## - EDITION STATEMENT
Edition statement 2
260 ## - PUBLICATION, DISTRIBUTION, ETC.
Name of publisher, distributor, etc. JAYPEE BROTHERS MEDICAL PUB.2024
Date of publication, distribution, etc. 2024
562 ## - COPY AND VERSION IDENTIFICATION NOTE
Number of copies 1
650 ## - SUBJECT ADDED ENTRY--TOPICAL TERM
Topical term or geographic name entry element SURGERY
Holdings
Withdrawn status Lost status Damaged status Not for loan Collection Home library Current library Date acquired Source of acquisition Cost, normal purchase price Total Checkouts Full call number Barcode Date due Date last seen Date last checked out Price effective from Koha item type
          Medical College & Hospital, Sangli Medical College & Hospital, Sangli 22/03/2024 B.M.S.G.B.PUNE 2497.00 1 617,BHA MCS-16723 04/04/2024 04/04/2024 04/04/2024 22/03/2024 Book